000 00367 a2200109 4500
001 ART_25615
005 20260410161935.0
008 260409a
245 1 0 _aEstabilización vs. cambio estructural
100 1 _aRodríguez, Carlos A.
773 0 _tAnales de la Academia Nacional de Ciencias Económicas
_g- Vol. XXXII, (1987) (ene. 1988)
_wREV25596
999 _c28935
_d28935